000 00340nam a22001097a 4500
008 230621b xxu||||| |||| 00| 0 eng d
082 _a328.30
_bCPA 1992
245 _a1992 Reports: CPA Executive Committee and CPA General Assembly,The Bahamas
260 _aUK
_bCommonwealth Parliamenatry Association
_c1992
300 _a82p
942 _2ddc
_cBK
999 _c2113
_d2113